000 00641nam 22002293 4500
001 201139
010 _a972-8711-04-2
021 _aPT
_b184537/02
090 _a201139
100 _a20260310d u||y0pory50 ba
200 _aDonjon
_eo rei da Zaragata
_ftexto e desenhos Joann Sear, Lewis Trondheim
_gcores Walter
205 _a
210 _a[S.l.]
_cWitloof
_d2002
215 _a48 p.
_cil. ; encadernado
_d30 cm
606 _91586
_aDesenho Artístico
610 _aBanda Desenhada
675 _a74
_vPT
_zpor
700 _916768
_aSear
_bJoann
701 _94402
_aTrondheim
_bLewis
801 _aPT
_bBMMN
_gRPC
830 _cIsabel
990 _cLIVROS